|
|
|
|
| LEADER |
00000nab a2200000 a 4500 |
| 001 |
vtls000195196 |
| 003 |
SK-MaSNL |
| 005 |
20260305042402.0 |
| 008 |
250422c1984 xo 0 slo |
| 015 |
|
|
|a SNBRB19rr/mm-uuuuu
|
| 035 |
|
|
|a CL0205309
|
| 035 |
|
|
|a urn:nbn:sk:snk-ab2iru
|
| 035 |
|
|
|a (urnnbn)urn:nbn:sk:snk:ar-a02h87
|
| 035 |
|
|
|a (uuid)f5054645-c965-40de-b7ed-ccbf1fa8bf83
|
| 040 |
|
|
|a SNKBUCL
|b slo
|c SNKBUCL
|e AACR2
|
| 041 |
0 |
|
|a slo
|
| 044 |
|
|
|a xo
|c SK
|
| 080 |
|
|
|a 338.262:69
|2 1981
|
| 080 |
|
|
|a 69
|2 1981
|
| 080 |
|
|
|a 338.262
|2 1981
|
| 100 |
1 |
|
|a Zrnovský, Peter
|4 aut
|9 996546
|
| 245 |
1 |
0 |
|a Desať téz prepojenia dlhodobého a strednodobého plánovania vo VHJ stavebnej výroby
|c Peter Zrnovský
|
| 300 |
|
|
|b Lit. 10 zázn. v slov., češ.
|
| 650 |
0 |
7 |
|a stavebníctvo
|2 snkbucl
|9 726
|
| 650 |
0 |
7 |
|a plánovanie dlhodobé
|2 snkbucl
|9 924329
|
| 650 |
0 |
7 |
|a plánovanie strednodobé
|2 snkbucl
|9 1606488
|
| 655 |
|
7 |
|a články z novín a časopisov
|2 snkbucl
|9 267496
|
| 773 |
0 |
|
|t Ekonomika stavebníctva
|g Roč. 19, č. 5 (1984), s. 139-144
|
| 850 |
|
|
|a Slovenská národná knižnica
|
| 852 |
|
|
|a Slovenská národná knižnica
|
| 954 |
|
|
|a odborná, vedecká literatúra pôvodná (slovenská)
|2 lita
|
| 958 |
|
|
|a article27
|
| 958 |
|
|
|a NB
|
| 958 |
|
|
|a RK
|
| 958 |
|
|
|a OND
|
| 958 |
|
|
|a EUIPO
|
| 992 |
|
|
|a RBX
|
| 999 |
|
|
|c 3348849
|d 3350779
|